| 000 | 01254cam a22002054a 4500 | ||
|---|---|---|---|
| 005 | 20250605163935.0 | ||
| 008 | 250528s ||||||||||||||||||||||||d | ||
| 035 | _a14830 | ||
| 020 | _a273032690 | ||
| 040 |
_aGR-AtMCL _bgre _dGR-AtMCL _eAACR2 |
||
| 245 | 1 | _aPeople, Communication and Organisations / Second Edition | |
| 250 | _a2nd | ||
| 260 |
_bPitman, _c1990 |
||
| 300 | _a360 | ||
| 520 | _aThis book includes new sections on management and leadership techniques, persuasive communication in sales, PR and advertising as well as current trends and developments in IT office systems, hardware and software applications. Introduction for the student, Acknowledgements, How to Study Effectively, The Communication Process, Organizations: Their Structures and Functions, Working in Organizations, Information Technology 1: Hardware and Systems, Business Letters, Internal Documents, Oral and Non-Verbal Communication, Persuasive Communication, Working in Organizations 2: Managing and Leading and Evaluating, Information Technology 2: Software and Applications, Meetings and Conferences and Presentations, Aspects of Personnel, Integrated Assignments, Index. | ||
| 700 | 1 |
_aEvans Desmond W _9595 |
|
| 942 | _cBK | ||
| 999 |
_c443 _d443 |
||